Jaki kraj ma daną ilość litery A w nazwie - Europa - Statystyki

Ogólne statystyki
  • Ten quiz został rozwiązany 52 razy
  • Średni wynik to 37 z 45
Statystyki odpowiedzi
Hint Odpowiedź % Poprawnych
1 Polska
98%
1 Rosja
94%
1 Białoruś
87%
1 Litwa
87%
1 Łotwa
87%
2 Ukraina
87%
3 Wielka Brytania
87%
2 Austria
85%
1 Belgia
85%
1 Estonia
85%
2 Finlandia
85%
2 Hiszpania
85%
2 Słowacja
85%
1 Słowenia
85%
3 Albania
83%
2 Dania
83%
1 Grecja
83%
2 Holandia
83%
2 Islandia
83%
2 Portugalia
83%
2 Watykan
83%
2 Andora
81%
2 Chorwacja
81%
0 Czechy
81%
2 Francja
81%
3 Macedonia Północna
81%
0 Niemcy
81%
2 Bośnia i Hercegowina
79%
2 Czarnogóra
79%
2 Irlandia
79%
1 Rumunia
79%
1 Serbia
79%
1 Szwecja
79%
0 Węgry
79%
2 Bułgaria
77%
2 San Marino
77%
0 Włochy
77%
0 Kosowo
74%
0 Liechtenstein
74%
0 Luksemburg
74%
2 Mołdawia
74%
1 Norwegia
74%
2 Malta
72%
1 Monako
70%
3 Szwajcaria
70%
Nie znaleziono quizów pasujących do podanych kryteriów
Rozkład punktacji
Procent ludzi z każdym wynikiem
Percentyl według liczby udzielonych odpowiedzi
Twoja historia wyników
Nie rozwiązałeś tego quizu